| 000 | 004730000a22001930004500 | ||
|---|---|---|---|
| 003 | LK-CoMWRAF | ||
| 005 | 20231024122807.0 | ||
| 008 | 230817t ||||| |||| 00| 0 eng d | ||
| 020 | _a0880590017 | ||
| 040 |
_aLK-CoMWRAF _dLK-CoMWRAF _eLK-CoMWRAF |
||
| 041 | _aeng | ||
| 082 |
_a296.1 _bSHA |
||
| 100 | _aShabistari, Shaykh Mahmud | ||
| 245 | _aThe Secret garden | ||
| 260 |
_aU.S.A. : _bZahra publications, _c1982 |
||
| 300 | _a127p | ||
| 650 | _aIslam | ||
| 942 | _cBK | ||
| 999 |
_c1721 _d1721 |
||